000 01088nam a2200277 a 4500
003 CO-ViMGA
005 20230915234236.0
008 120928s2011 at a gr 00010 spa d
020 _a9789583037283
040 _aCO-ViMGA
_bspa
_cCO-ViMGA
082 0 4 _a611
_bC83a8
_220
245 0 3 _aEl cuerpo humano :
_bmanual de identificación : conozca su cuerpo y cómo trabaja /
_cconsultor en jefe Ken Ashwell ; editor Roz Hopkins ; ilustradores David Carroll ... [et al.] ; traducción al español Fernando Noguera Arrieta.
260 _a[Canberra?] :
_bPanamericana Editorial,
_c2011.
300 _a304 p. :
_bil. ;
_c28 cm.
500 _aGlosario : p. 288-291.
500 _aIncluye índice.
650 1 4 _aCuerpo humano
_v Atlas.
_96159
650 1 4 _aOrganos (Anatomía)
_v Atlas.
_96160
650 1 4 _aAnatomía humana
_v Atlas.
_91255
650 1 4 _aFisiología humana
_v Atlas.
_96158
700 1 _aAshwell, Ken W. S..
_96161
700 1 _aCarroll, David,
_eil.
_96162
700 1 _aHopkins, Roz,
_eed.
_96163
700 1 _aNoguera Arrieta, Fernando,
_etr.
_96164
942 _2ddc
_cBK
999 _c37457
_d37457